Loading...
| Mythology | 0 | 2 | 0 | 0 | 20 | 101 | 108.00 | 0 | 2 |
| Literature - American Literature | 1 | 0 | 0 | 0 | 15 | 76 | 76.00 | 1 | 1 |
| Literature - World Literature | 1 | 0 | 0 | 0 | 15 | 48 | 48.00 | 1 | 1 |
| History - American History | 0 | 1 | 0 | 0 | 10 | 112 | 112.00 | 0 | 1 |
| History - Other History | 1 | 0 | 1 | 0 | 10 | 64 | 64.00 | 0 | 1 |
| History - World History | 0 | 1 | 0 | 1 | 10 | 127 | 127.00 | 1 | 1 |
| Social Science | 0 | 1 | 0 | 0 | 10 | 102 | 102.00 | 1 | 1 |
| Fine Arts - Auditory Fine Arts | 0 | 1 | 0 | 0 | 10 | 104 | 104.00 | 1 | 1 |
| Geography | 0 | 1 | 0 | 0 | 10 | 123 | 123.00 | 0 | 1 |
| Religion | 0 | 1 | 0 | 0 | 10 | 68 | 68.00 | 1 | 1 |
| Current Events | 0 | 1 | 0 | 1 | 10 | 128 | 128.00 | 0 | 1 |
| Fine Arts - Other Fine Arts | 0 | 0 | 1 | 0 | -5 | 0.00 | 0 | 0 | |
| Philosophy | 0 | 0 | 1 | 0 | -5 | 0.00 | 0 | 0 |